Youtubers Français avec le plus d'abonnés - Statistiques

Statistiques générales
  • Ce quiz a été pris 1 408 fois
  • Le résultat moyen est 12 sur 40
Statistiques - réponses
Hint Réponse % Correct
19,1 Squeezie
96%
10,1 Michou
91%
24,8 TiboInshape
91%
8,64 Inoxtag
90%
14,5 Cyprien
79%
6,35 Mastu
72%
8,73 Amixem
69%
11,5 Norman
67%
6,39 Joyca
63%
5,17 Natoo
52%
7,42 Mcfly et Carlito
50%
4,48 Le Bouseuh
38%
4,26 Gotaga
36%
6,36 Mister V
35%
5,60 Seb
30%
9,73 Lama fâché
28%
6,72 Swan & Néo
20%
5,60 Kevin Tran
19%
5,96 Fast Good Cuisine
17%
3,91 Pierre Croce
15%
6,19 Furious Jumper
13%
4,77 Docteur Nozman
12%
4,85 Hugoposé
12%
3,82 Joueur du Grenier
12%
4,02 The Kairi 78
11%
5,06 Cyrilmp4
10%
4,89 IbraTV
10%
7,42 Rémi Gaillard
10%
4,74 [unchained]
10%
4,86 Unchained.off
10%
4,93 Squeezie gaming
9%
5,17 Michouoff
8%
4,45 L'atelier de Roxanne
7%
4,03 Le Monde à l'envers
7%
5,36 Anas
6%
6,04 Bigorneaux et Coquillages
5%
4,20 Greg Guillotin
5%
4,02 Palmashow
4%
7,34 Sympa
2%
3,85 Les Parodies Bros
1%
Aucun quiz correspondant
Distribution des résultats
% des personnes avec chaque résultat
Percentile par nombre de réponses
Votre historique - résultats
Vous n’avez pas pris ce quiz